Campeones del Moto GP - Estadísticas

Estadísticas generales
  • Esta prueba ha sido intentada 556 veces
    529 desde el último reinicio
  • La puntuación promedio es 14 de 18
Estadísticas de respuestas
Hint Respuesta % Correcto
2002 Valentino Rossi
92%
2017 Marc Marquez
88%
2016 Marc Marquez
87%
2004 Valentino Rossi
87%
2005 Valentino Rossi
87%
2003 Valentino Rossi
86%
2013 Marc Marquez
85%
2014 Marc Marquez
85%
2015 Jorge Lorenzo
83%
2009 Valentino Rossi
83%
2008 Valentino Rossi
82%
2012 Jorge Lorenzo
80%
2010 Jorge Lorenzo
79%
2007 Casey Stoner
67%
2011 Casey Stoner
66%
2006 Nicky Hayden
57%
2018 Marc Marquez
51%
2019 Marc Marquez
51%
No se encontraron pruebas coincidentes
Distribución de puntuación
Porcentaje de gente con cada puntuación
Porcentaje por número respondido
Historial de tus puntuaciones
No has intentado esta prueba desde el último reinicio